[Event "Karvina op"]
[Site "Karvina"]
[Date "2017.07.01"]
[Round "1"]
[White "Kordela, Monika"]
[Black "Zimniok, Lubomir"]
[Result "0-1"]
[WhiteElo "1638"]
[BlackElo "2075"]
[PlyCount "50"]
[EventDate "2017.07.01"]
[EventType "swiss"]
[EventRounds "9"]
[EventCountry "CZE"]
[SourceTitle "EXT 2018"]
[Source "ChessBase"]
[SourceDate "2017.10.13"]
[SourceVersion "1"]
[SourceVersionDate "2017.10.13"]
[SourceQuality "1"]

1. d4 Nf6 2. c4 e5 3. dxe5 Ne4 4. Nf3 Bb4+ 5. Bd2 Qe7 6. a3 Bc5 7. e3 a5 8. Bd3 Nxd2 9. Nbxd2 Nc6 10. Ne4 Nxe5 11. Nxe5 Qxe5 12. Nxc5 Qxc5 13. Qc2 d6 14. Bxh7 Be6 15. Bd3 Qe5 16. h3 g5 17. 0-0-0 Rh4 18. Kb1 Qc5 19. g3 Rxh3 20. Rxh3 Bxh3 21. Rh1 g4 22. Bf5 Qe5 23. f4 Qxe3 24. Bxg4 Bg2 25. Qd1 Qe4+ 0-1

[Event "POL-chT U19 2nd League"]
[Site "Iwonicz"]
[Date "2016.07.31"]
[Round "9.5"]
[White "Kordela, Monika"]
[Black "Kozaczynska, Aleksandra"]
[Result "0-1"]
[WhiteElo "1783"]
[BlackElo "1683"]
[PlyCount "122"]
[EventDate "2016.07.23"]
[EventType "team-swiss"]
[EventRounds "11"]
[EventCountry "POL"]
[SourceTitle "EXT 2019"]
[Source "ChessBase"]
[SourceDate "2018.10.10"]
[SourceVersion "1"]
[SourceVersionDate "2018.10.10"]
[SourceQuality "1"]
[WhiteTeam "Jastrzebie Zdroj Pionier U19"]
[BlackTeam "Chylice KS Laura U19 II"]
[WhiteTeamCountry "POL"]
[BlackTeamCountry "POL"]

1. d4 d5 2. c4 Nc6 3. Nf3 Bg4 4. e3 e5 5. dxe5 dxc4 6. Be2 Bb4+ 7. Bd2 Nge7 8. Qa4 Nd5 9. Bxb4 Ndxb4 10. 0-0 0-0 11. h3 Be6 12. Rd1 Qe7 13. a3 Nd5 14. Nbd2 c3 15. Ne4 cxb2 16. Rab1 Nb6 17. Qc2 Qxa3 18. Neg5 g6 19. Nxe6 fxe6 20. Rxb2 a6 21. Ng5 Rae8 22. Bg4 Qe7 23. Nxe6 Rf7 24. f4 Nb4 25. Qe4 Na4 26. Qxb4 Nxb2 27. Qxb2 h5 28. Qc2 hxg4 29. Qxg6+ Kh8 30. Ng5 Rg7 31. Qh6+ Kg8 32. e6 Qc5 33. Nf7 Qxe3+ 34. Kh1 Qxe6 35. Qxe6 Rxe6 36. Ng5 Rxg5 37. fxg5 g3 38. Kg1 Re2 39. Kf1 Rf2+ 40. Kg1 Rc2 41. Kf1 Kg7 42. Rd3 Kg6 43. Rxg3 Rc4 44. Rb3 b6 45. Ra3 a5 46. Rb3 Kxg5 47. Ke2 Rf4 48. Rc3 c5 49. Rb3 Rf6 50. Rb2 a4 51. Kd3 Rd6+ 52. Kc4 Rd4+ 53. Kb5 a3 54. Ra2 Rb4+ 55. Kc6 Rb3 56. Kd5 b5 57. Kxc5 b4 58. Rd2 Rb2 59. Rd5+ Kf6 60. Rd6+ Ke7 61. h4 Rc2+ 0-1

[Event "POL-chT U19 2nd League"]
[Site "Iwonicz"]
[Date "2016.07.31"]
[Round "5.5"]
[White "Kordela, Monika"]
[Black "Kucharska, Honorata"]
[Result "0-1"]
[WhiteElo "1783"]
[BlackElo "1855"]
[PlyCount "80"]
[EventDate "2016.07.23"]
[EventType "team-swiss"]
[EventRounds "11"]
[EventCountry "POL"]
[SourceTitle "EXT 2019"]
[Source "ChessBase"]
[SourceDate "2018.10.10"]
[SourceVersion "1"]
[SourceVersionDate "2018.10.10"]
[SourceQuality "1"]
[WhiteTeam "Jastrzebie Zdroj Pionier U19"]
[BlackTeam "Rybnik MKSz U19 II"]
[WhiteTeamCountry "POL"]
[BlackTeamCountry "POL"]

1. d4 Nf6 2. c4 d6 3. Nc3 Nbd7 4. e4 e5 5. d5 Nc5 6. f3 a5 7. Be3 Be7 8. Nge2 0-0 9. Qd2 Ne8 10. g4 g6 11. Ng3 Ng7 12. Be2 f5 13. gxf5 gxf5 14. exf5 Bxf5 15. 0-0-0 Bh4 16. Rhg1 Bg6 17. Bh6 Rf7 18. Rdf1 Bxg3 19. hxg3 Nf5 20. Bg5 Qd7 21. Ne4 Nxe4 22. fxe4 Nd4 23. Rxf7 Bxf7 24. Bf6 Bg6 25. Qe3 Rf8 26. Rf1 Qa4 27. Bd3 Qxa2 28. Rf2 Nb3+ 29. Kc2 Nc5 30. g4 Qb3+ 31. Kd2 Qxb2+ 32. Kd1 Qa1+ 33. Ke2 Nxd3 34. Qxd3 Qh1 35. Ke3 Qh3+ 36. Rf3 Qxg4 37. Rf2 Qg3+ 38. Rf3 Qe1+ 39. Qe2 Qxe2+ 40. Kxe2 Bh5 0-1

[Event "POL-chT U19 2nd League"]
[Site "Iwonicz"]
[Date "2016.07.31"]
[Round "8.5"]
[White "Wawrzyniak, Weronika"]
[Black "Kordela, Monika"]
[Result "0-1"]
[WhiteElo "1322"]
[BlackElo "1783"]
[PlyCount "190"]
[EventDate "2016.07.23"]
[EventType "team-swiss"]
[EventRounds "11"]
[EventCountry "POL"]
[SourceTitle "EXT 2019"]
[Source "ChessBase"]
[SourceDate "2018.10.10"]
[SourceVersion "1"]
[SourceVersionDate "2018.10.10"]
[SourceQuality "1"]
[WhiteTeam "Kalisz KTS U19"]
[BlackTeam "Jastrzebie Zdroj Pionier U19"]
[WhiteTeamCountry "POL"]
[BlackTeamCountry "POL"]

1. e4 c5 2. Nf3 g6 3. d4 cxd4 4. Qxd4 Nf6 5. e5 Ng8 6. Nc3 Bg7 7. Qe4 Nc6 8. Bf4 Nh6 9. 0-0-0 0-0 10. h3 f5 11. Qe3 Nf7 12. Bc4 Qb6 13. Bxf7+ Rxf7 14. Qd2 Na5 15. Nd5 Qd8 16. Kb1 Nc6 17. h4 e6 18. Nc3 Qa5 19. Rde1 b5 20. h5 b4 21. Nd1 b3 22. Qxa5 bxc2+ 23. Kxc2 Nxa5 24. hxg6 hxg6 25. Ng5 Re7 26. Nc3 Bb7 27. f3 Rc8 28. Kb1 Nc6 29. Nb5 Ba6 30. Nd6 Rb8 31. a3 Nd4 32. Re3 Nc6 33. Ka2 Nd4 34. Nh3 Bf8 35. Bg5 Rh7 36. Rc1 Be7 37. Bxe7 Rxe7 38. Ng5 Rg7 39. Rc7 Nc6 40. Ngf7 Rxf7 41. Nxf7 Kxf7 42. Rxd7+ Kf8 43. f4 Rd8 44. Rxd8+ Nxd8 45. Rc3 Bb7 46. g3 Bd5+ 47. b3 Nc6 48. Kb2 Kg7 49. b4 a6 50. Kc2 Kh6 51. Kd2 g5 52. Ke3 gxf4+ 53. gxf4 Kg6 54. Rc5 Kf7 55. b5 axb5 56. Rxb5 Ke7 57. a4 Kd8 58. a5 Kc7 59. Kd3 Na7 60. Rb6 Nc6 61. Rb5 Na7 62. Rb2 Kc6 63. Rb6+ Kc7 64. Rb2 Kc6 65. Rb6+ Kc7 66. Kc3 Nc6 67. Rb5 Na7 68. Kb4 Nxb5 69. Kxb5 Kb7 70. a6+ Ka7 71. Ka5 Bc4 72. Kb4 Bxa6 73. Kc5 Bd3 74. Kd6 Bc4 75. Kc5 Bd5 76. Kb5 Kb7 77. Kc5 Kc7 78. Kb5 Kd7 79. Kc5 Ke7 80. Kd4 Kf7 81. Ke3 Kg6 82. Kf2 Kh5 83. Kg3 Be4 84. Kh3 Bf3 85. Kg3 Bg2 86. Kxg2 Kg4 87. Kf2 Kxf4 88. Ke2 Kxe5 89. Kf3 f4 90. Ke2 Ke4 91. Kf2 f3 92. Kf1 Ke3 93. Ke1 f2+ 94. Kf1 e5 95. Kg2 Ke2 0-1

[Event "Orlova op 13th"]
[Site "Orlova"]
[Date "2016.05.23"]
[Round "3"]
[White "Czerw, Dawid"]
[Black "Kordela, Monika"]
[Result "1-0"]
[WhiteElo "2149"]
[BlackElo "1539"]
[PlyCount "51"]
[EventDate "2016.05.21"]
[EventType "swiss"]
[EventRounds "9"]
[EventCountry "CZE"]
[SourceTitle "EXT 2017"]
[Source "ChessBase"]
[SourceDate "2016.10.25"]
[SourceVersion "1"]
[SourceVersionDate "2016.10.25"]
[SourceQuality "1"]

1. d4 Nf6 2. c4 e5 3. dxe5 Ng4 4. e3 Nxe5 5. Nh3 Bc5 6. Nf4 Nbc6 7. Be2 0-0 8. a3 a5 9. Nc3 d6 10. 0-0 Bf5 11. Nfd5 Ne7 12. e4 Be6 13. b3 N7g6 14. Kh1 f5 15. f4 Nd7 16. exf5 Rxf5 17. Bg4 Bxd5 18. Bxf5 Bf7 19. Ne4 Bb6 20. Bb2 Ne7 21. Bh3 Nc5 22. Ng5 Bg6 23. Ne6 Nxe6 24. Bxe6+ Kh8 25. f5 Be8 26. Qg4 1-0

[Event "POL-chT U19 2nd League"]
[Site "Iwonicz"]
[Date "2015.08.01"]
[Round "11.35"]
[White "Kordela, Monika"]
[Black "Kotula, Magdalena"]
[Result "1/2-1/2"]
[WhiteElo "1593"]
[BlackElo "1513"]
[PlyCount "43"]
[EventDate "2015.07.25"]
[EventType "team-swiss"]
[EventRounds "11"]
[EventCountry "POL"]
[SourceTitle "EXT 2019"]
[Source "ChessBase"]
[SourceDate "2018.10.10"]
[SourceVersion "1"]
[SourceVersionDate "2018.10.10"]
[SourceQuality "1"]
[WhiteTeam "Jastrzebie Zdroj Pionier U19"]
[BlackTeam "Gory Strzybniczanka Tarnowskie U19"]
[WhiteTeamCountry "POL"]
[BlackTeamCountry "POL"]

1. d4 Nf6 2. c4 g6 3. Nc3 Bg7 4. e4 d6 5. f3 0-0 6. Be3 Nbd7 7. g4 e5 8. d5 Nc5 9. Nge2 Ne8 10. Ng3 f5 11. gxf5 gxf5 12. exf5 Bxf5 13. Nxf5 Rxf5 14. Qe2 Qh4+ 15. Bf2 Qf4 16. Bg2 Nf6 17. Be3 Qh4+ 18. Bf2 Qf4 19. Be3 Qh4+ 20. Bf2 Qf4 21. Be3 Qh4+ 22. Bf2 1/2-1/2

[Event "POL-chT U19 2nd League"]
[Site "Iwonicz"]
[Date "2015.08.01"]
[Round "8.47"]
[White "Wilant, Marta"]
[Black "Kordela, Monika"]
[Result "1-0"]
[WhiteElo "1225"]
[BlackElo "1593"]
[PlyCount "97"]
[EventDate "2015.07.25"]
[EventType "team-swiss"]
[EventRounds "11"]
[EventCountry "POL"]
[SourceTitle "EXT 2019"]
[Source "ChessBase"]
[SourceDate "2018.10.10"]
[SourceVersion "1"]
[SourceVersionDate "2018.10.10"]
[SourceQuality "1"]
[WhiteTeam "Kozuchow Odrodzenie U19"]
[BlackTeam "Jastrzebie Zdroj Pionier U19"]
[WhiteTeamCountry "POL"]
[BlackTeamCountry "POL"]

1. d4 Nf6 2. c4 e5 3. dxe5 Ng4 4. Nf3 Bc5 5. e3 Nc6 6. Nc3 Ngxe5 7. Nxe5 Nxe5 8. b3 Bb4 9. Bb2 a5 10. a3 Bxc3+ 11. Bxc3 Qf6 12. Bxe5 Qxe5 13. Qd4 Qxd4 14. exd4 Ra6 15. g3 Re6+ 16. Kd2 0-0 17. Bg2 Rfe8 18. Rhe1 c6 19. Rxe6 Rxe6 20. Re1 Rxe1 21. Kxe1 Kf8 22. Kd2 Ke7 23. c5 d6 24. Ke3 dxc5 25. dxc5 Kf6 26. f4 Be6 27. b4 axb4 28. axb4 g6 29. h4 Bd5 30. Bxd5 cxd5 31. Kd4 Ke6 32. b5 f6 33. c6 bxc6 34. bxc6 Kd6 35. c7 Kxc7 36. Kxd5 Kd7 37. g4 h5 38. gxh5 gxh5 39. f5 Ke7 40. Kc6 Ke8 41. Kd6 Kf7 42. Kd7 Kg7 43. Ke6 Kg8 44. Kxf6 Kf8 45. Kg5 Kg7 46. Kxh5 Kg8 47. Kg6 Kf8 48. Kf6 Kg8 49. Ke7 1-0

[Event "Liptovsky Mikulas CupT U20"]
[Site "Liptovsky Mikulas"]
[Date "2015.06.28"]
[Round "7.4"]
[White "Janecek, Miroslav"]
[Black "Kordela, Monika"]
[Result "1/2-1/2"]
[WhiteElo "1475"]
[BlackElo "1584"]
[PlyCount "82"]
[EventDate "2015.06.25"]
[EventType "team-swiss"]
[EventRounds "7"]
[EventCountry "SVK"]
[SourceTitle "CBM 167 Extra"]
[Source "ChessBase"]
[SourceDate "2015.09.14"]
[SourceVersion "1"]
[SourceVersionDate "2015.09.14"]
[SourceQuality "1"]
[WhiteTeam "Opavsko (U18)"]
[BlackTeam "Jastrzebie Zdroj (U18)"]
[WhiteTeamCountry "CZE"]
[BlackTeamCountry "POL"]

1. d4 d5 2. c4 e6 3. Nc3 Nf6 4. cxd5 exd5 5. Bg5 Be7 6. Nf3 0-0 7. e3 Bg4 8. Bxf6 Bxf6 9. Qb3 Bxf3 10. gxf3 b6 11. Qxd5 c6 12. Qxd8 Rxd8 13. h4 Re8 14. 0-0-0 Nd7 15. e4 Rad8 16. e5 Be7 17. f4 b5 18. f5 Nb6 19. h5 h6 20. f4 b4 21. Ne2 Nd5 22. Bh3 a5 23. Rhg1 Kh8 24. Rd3 c5 25. Rdg3 Rg8 26. f6 gxf6 27. Rxg8+ Rxg8 28. Rxg8+ Kxg8 29. dxc5 Bxc5 30. Kc2 fxe5 31. fxe5 Ne3+ 32. Kd3 Nd1 33. Kc4 Bb6 34. Kb5 Bc7 35. b3 Kf8 36. e6 fxe6 37. Bxe6 Ke7 38. Bf5 Kf6 39. Bc2 Nc3+ 40. Nxc3 bxc3 41. Kc4 Ke5 1/2-1/2

[Event "Liptovsky Mikulas CupT U20"]
[Site "Liptovsky Mikulas"]
[Date "2015.06.27"]
[Round "5.4"]
[White "Kordela, Monika"]
[Black "Pasztor, Daniel"]
[Result "0-1"]
[WhiteElo "1584"]
[BlackElo "1569"]
[PlyCount "84"]
[EventDate "2015.06.25"]
[EventType "team-swiss"]
[EventRounds "7"]
[EventCountry "SVK"]
[SourceTitle "CBM 167 Extra"]
[Source "ChessBase"]
[SourceDate "2015.09.14"]
[SourceVersion "1"]
[SourceVersionDate "2015.09.14"]
[SourceQuality "1"]
[WhiteTeam "Jastrzebie Zdroj (U18)"]
[BlackTeam "Budapest EAC (U18)"]
[WhiteTeamCountry "POL"]
[BlackTeamCountry "HUN"]

1. d4 Nf6 2. c4 g6 3. Nc3 Bg7 4. e4 d6 5. f3 0-0 6. g4 e5 7. d5 a5 8. h4 h5 9. gxh5 Nxh5 10. Nge2 Na6 11. Be3 f5 12. exf5 Bxf5 13. Qd2 Nb4 14. Ne4 Nf6 15. N2g3 Bxe4 16. Nxe4 Nxe4 17. fxe4 Rf3 18. Bg5 Qf8 19. a3 Na6 20. h5 Nc5 21. Qg2 Nxe4 22. Be2 Rg3 23. Qxe4 Rxg5 24. hxg6 Qf6 25. Bg4 Qxg6 26. Be6+ Kf8 27. Qf3+ Ke7 28. 0-0-0 Rf8 29. Qh3 Rh8 30. Qf3 Bh6 31. Rxh6 Rxh6 32. Rf1 Qf6 33. Qxf6+ Rxf6 34. Rxf6 Kxf6 35. b4 axb4 36. axb4 e4 37. Kd2 Ke5 38. Bh3 Kd4 39. Bf1 Rg3 40. Be2 Rb3 41. b5 Rb2+ 42. Ke1 Ke3 0-1